000 00954nam a22002897a 4500
001 BR7803774
003 BR-BrBNA
005 20230928085623.0
007 ta
008 230509b bl.||||| |||| 00| 0 por d
040 _aBR-BrBNA
_bpor
_cBiblioteca Nacional de Agricultura
041 _a(Por)
072 _aF25; E30; C00
_b3801
_b3840
_b/G514
090 _ 3801 BR7803774
110 1 _aEmpresa de Assistencia Tecnica e Extensao Rural do Estado de Mato Grosso, Cuiaba (Brasil)
_94017
245 1 _aRelatorio de atividades 1976/77 [Programa Nacional de Difusao do Uso de Fertilizantes e Corretivos; Mato Grosso; Brasil]
_bProjeto EMBRATER/FAO/MA
260 3 _aCuiaba, MT (Brasil):
_c[nd].
300 _a31 p.
500 _aPublished 1978?
650 _aFertilizante
650 _aProjeto de desenvolvimento
650 _aExtensao rural
650 _aCorretivo
650 _aMato Grosso
909 _a202309
_bLucia
_c55
_dLucia Elande
942 _cBK
999 _c25421
_d25421